Land vs. Land #169 - Statistiken

Allgemein
  • Dieses Quiz wurde 12 mal gespielt
  • Das Durchschnittsergebnis liegt bei 13 aus 14
Antwortstatistiken
Frage Antwort % Korrekt
...Fläche? Südkorea🇰🇷
100%
...Einwohner? Südkorea🇰🇷
100%
...Bruttoinlandsprodukt? Südkorea🇰🇷
100%
...Militär? Südkorea🇰🇷
100%
...HDI (Human Development Index)? Südkorea🇰🇷
100%
...Gesundheitswesen? Südkorea🇰🇷
100%
...Lebenserwartung? Südkorea🇰🇷
100%
...durchschnittlicher IQ? Südkorea🇰🇷
100%
...Bruttoinlandsprodukt pro Kopf? Südkorea🇰🇷
91%
...Tourismus? Südkorea🇰🇷
91%
...Exportmengen? Südkorea🇰🇷
91%
...Gewinner? Südkorea🇰🇷
91%
...Happy Planet Index? Südkorea🇰🇷
73%
...Frieden? Südkorea🇰🇷
27%
Keine übereinstimmenden Quizze gefunden
Verteilung der Resultate
Anzahl Personen mit jedem Resultat
Perzentil nach korrekt beantworteten Fragen
Ihre Resultats-Entwicklung
Sie haben dieses Quiz noch nicht gespielt